000 00993nam a2200193 i 4500
001 000633959
003 AM-YeHGA
005 20250617140540.0
008 090219s1987 ru r 000 0 rus d
040 _aAM-YeHGA
041 1 _arus
_hscc
100 1 _aТрифкович, Ристо
245 1 0 _aСараевская фуга :
_bРассказы : Перевод с сербскохорватского /
_cРисто Трифкович.
260 _aМосква :
_bРадуга,
_c1987.
300 _a253,[1] с. :
_bил. ;
_c20 см.
505 0 _aСодерж.: Как Танасий Белозуб стал отрядным кашеваром; Драган; Люди из нашего отряда; Песня; Ночная операция; На распутье; Данило и смерть; Недоразумение; Смысл сна; Над кронами деревьев, и др. рассказы
650 1 4 _aСербская литература
090 _c223594
999 _c222060
_d222060